000 01041naa a22002657a 4500
001 BR9102032
003 BR-BrBNA
005 20240918180655.0
007 ta
008 230509b bl.||||| |||| 00| 0 por d
040 _aBR-BrBNA
_bpor
_cBiblioteca Nacional de Agricultura
041 _a(Pt)
072 _aN20
_b4500
_b2120
090 _aN20 BR9102032
100 1 _aSilveira, G.M. da
111 1 _a4. Ciclo de Estudos sobre Mecanizacao Agricola
_cJundiai, SP (Brazil)
_d11-15 Apr 1989
245 1 _aConducao mecanizada da lavoura cafeeira
260 3 _aCampinas, SP (Brasil):
_c1990.
500 _aSilveira, G.M. da (ed.) 4. Ciclo de Estudos sobre Mecanizacao Agricola Campinas, SP (Brasil): 1990. p. 210-223 (BR9102032-AM)N20
650 _aCAFE
650 _aMECANIZACAO AGRICOLA
773 0 _t4. Ciclo de Estudos sobre Mecanizacao Agricola
_aSilveira, G.M. da (ed.). Fundacao Cargill, Campinas, SP (Brasil)
_wN20 BR9102032
_gCampinas, SP (Brasil), 1990. p. 210-223
909 _a202404
_bLucia
_c55
_dLucia Elande
942 _cAM
_2AGRIS
999 _c321622
_d321622